Libro de los Salmos
Guardat en:
| Autor principal: | |
|---|---|
| Format: | Llibre |
| Idioma: | espanyol llatí |
| Publicat: |
Madrid
Biblioteca de Autores Cristianos
1963
|
| Matèries: | |
| Etiquetes: |
Afegir etiqueta
Sense etiquetes, Sigues el primer a etiquetar aquest registre!
|
MARC
| LEADER | 00000nam a2200000 a 4500 | ||
|---|---|---|---|
| 001 | UCL1208 | ||
| 003 | CL-VaPUC | ||
| 008 | 030905e19630000SP |||||||||||||||||spa|d | ||
| 041 | 0 | 7 | |a spa |2 CL-VaPUC |
| 041 | 0 | 7 | |a lat |2 CL-VaPUC |
| 082 | 0 | 4 | |a 223.2 |b GAR |2 21 |
| 100 | |a García Cordero, Maximiliano |e author |9 478415 | ||
| 245 | 1 | 0 | |a Libro de los Salmos |
| 300 | |a 513 p | ||
| 942 | |c BK | ||
| 945 | |d 20030905 00:00:00 |a vberengu | ||
| 260 | |a Madrid |b Biblioteca de Autores Cristianos |c 1963 | ||
| 650 | 0 | |a Salmos |9 319607 | |
| 650 | 0 | |a Antiguo testamento |9 313678 | |
| 583 | |a last modification |c 20030905 00:00:00 |k Rodrigo Vera | ||
| 999 | |c 304854 |d 304852 | ||
| 952 | |0 0 |1 0 |4 0 |6 223_200000000000000_GAR_1963 |7 0 |8 A |9 367659 |a BIBTEO |b BIBTEO |d 2019-11-21 |i 2075350 |o 223.2 GAR 1963 |p 2075350 |r 2025-01-17 |w 2019-11-21 |y BK |k ICR | ||
| 952 | |0 0 |1 0 |4 0 |6 223_200000000000000_GAR_1963 |7 0 |8 A |9 367660 |a BIBTEO |b BIBTEO |d 2019-11-21 |i 2075369 |o 223.2 GAR 1963 |p 2075369 |r 2025-01-17 |w 2019-11-21 |y BK |k ICR | ||